Statistics for Hozier - Like Real People Do (Lyrics)

Click here to take the quiz!

General Stats

  • This quiz has been taken 330 times
  • The average score is 145 of 167

Answer Stats

Answer% Correct
do
98%
I
98%
like
98%
people
98%
real
98%
you
97%
kiss
96%
We
96%
a
95%
just
94%
should
93%
where
92%
your
92%
from
91%
not
91%
will
91%
ask
90%
me
90%
my
90%
the
90%
and
89%
came
89%
lips
89%
neither
89%
on
89%
sweet
88%
Honey,
87%
put
87%
had
85%
were
85%
did
84%
What
84%
Why
84%
why
84%
scary
83%
however
82%
In
82%
in
82%
that
82%
thought,
82%
bury
81%
dear,
81%
dear:
81%
So
81%
earth?
80%
would
79%
dirt
78%
hands
78%
night,
78%
pulled
78%
could
77%
know
77%
those
77%
digging?
75%
some
75%
About
74%
Before
74%
already
72%
bugs
71%
sad
71%
way,
71%
look,
65%
always
63%
eyes
63%
creeping
61%
ago
58%
knew
58%
long
58%
seeking
54%
there
54%
Was
49%
someone
48%
dug
44%

Score Distribution

Percentile by Number Answered

Percent of People with Each Score

Your Score History

You have not taken this quiz